<?xml version="1.0" encoding="UTF-8"?>
<record
    xmlns:xsi="http://www.w3.org/2001/XMLSchema-instance"
    xsi:schemaLocation="http://www.loc.gov/MARC21/slim http://www.loc.gov/standards/marcxml/schema/MARC21slim.xsd"
    xmlns="http://www.loc.gov/MARC21/slim">

  <leader>00962nam a22001937a 4500</leader>
  <controlfield tag="003">BDDh-ASL</controlfield>
  <controlfield tag="005">20231015031334.0</controlfield>
  <controlfield tag="008">210131s2021    bg ||||| |||| 00| 0 eng d</controlfield>
  <datafield tag="040" ind1=" " ind2=" ">
    <subfield code="a">BDDh-ASL</subfield>
    <subfield code="c">BDDh-ASL</subfield>
  </datafield>
  <datafield tag="082" ind1=" " ind2=" ">
    <subfield code="a">923.5492</subfield>
    <subfield code="b">BAN</subfield>
  </datafield>
  <datafield tag="245" ind1="1" ind2=" ">
    <subfield code="a">Bangabandhu and Bangladesh:</subfield>
    <subfield code="b">An Epic of a Nation's Emergence and Emancipation / </subfield>
    <subfield code="c">Bari, Md. Emdad Ul and others (ed.). </subfield>
  </datafield>
  <datafield tag="260" ind1=" " ind2=" ">
    <subfield code="a">Dhaka: </subfield>
    <subfield code="b">Pathak shamabesh, </subfield>
    <subfield code="c">2021.</subfield>
  </datafield>
  <datafield tag="300" ind1=" " ind2=" ">
    <subfield code="a">363 p. :</subfield>
    <subfield code="c">24 cm. </subfield>
  </datafield>
  <datafield tag="504" ind1=" " ind2=" ">
    <subfield code="a">Include Index</subfield>
  </datafield>
  <datafield tag="600" ind1="1" ind2="0">
    <subfield code="a">Rahman, Sheikh Mujibur ( &#x9B6;&#x9C7;&#x996; &#x9AE;&#x9C1;&#x99C;&#x9BF;&#x9AC;&#x9C1;&#x9B0; &#x9B0;&#x9B9;&#x9AE;&#x9BE;&#x9A8;) </subfield>
    <subfield code="c">Bangabandhu (&#x9AC;&#x999;&#x9CD;&#x997;&#x9AC;&#x9A8;&#x9CD;&#x9A7;&#x9C1;)</subfield>
    <subfield code="d">1920-1975 (&#x9E7;&#x9EF;&#x9E8;&#x9E6;-&#x9E7;&#x9EF;&#x9ED;&#x9EB;) </subfield>
    <subfield code="9">3054</subfield>
  </datafield>
  <datafield tag="650" ind1=" " ind2="0">
    <subfield code="a">&#x9AC;&#x999;&#x9CD;&#x997;&#x9AC;&#x9A8;&#x9CD;&#x9A7;&#x9C1; (Bangabandhu) &#x9B6;&#x9C7;&#x996; &#x9AE;&#x9C1;&#x99C;&#x9BF;&#x9AC;&#x9C1;&#x9B0; &#x9B0;&#x9B9;&#x9AE;&#x9BE;&#x9A8; (Sheikh Mujibur Rahman) </subfield>
    <subfield code="x">&#x9AE;&#x9C1;&#x995;&#x9CD;&#x9A4;&#x9BF;&#x9AF;&#x9C1;&#x9A6;&#x9CD;&#x9A7; (Muktijuddha) Liberation War </subfield>
    <subfield code="z">&#x9AC;&#x9BE;&#x982;&#x9B2;&#x9BE;&#x9A6;&#x9C7;&#x9B6; (Bangladesh) </subfield>
    <subfield code="9">4442</subfield>
  </datafield>
  <datafield tag="700" ind1="1" ind2=" ">
    <subfield code="a">Bari, Md. Emadad Ul</subfield>
    <subfield code="9">8036</subfield>
  </datafield>
  <datafield tag="942" ind1=" " ind2=" ">
    <subfield code="2">ddc</subfield>
    <subfield code="c">BK</subfield>
  </datafield>
  <datafield tag="952" ind1=" " ind2=" ">
    <subfield code="0">0</subfield>
    <subfield code="1">0</subfield>
    <subfield code="2">ddc</subfield>
    <subfield code="4">0</subfield>
    <subfield code="7">0</subfield>
    <subfield code="8">NFIC</subfield>
    <subfield code="a">ASL</subfield>
    <subfield code="b">ASL</subfield>
    <subfield code="c">BC</subfield>
    <subfield code="d">2023-04-17</subfield>
    <subfield code="e">Complimentary</subfield>
    <subfield code="l">0</subfield>
    <subfield code="o">923.5492 BAN</subfield>
    <subfield code="p">120765</subfield>
    <subfield code="r">2023-04-17 00:00:00</subfield>
    <subfield code="t">C-1</subfield>
    <subfield code="w">2023-04-17</subfield>
    <subfield code="y">BK</subfield>
    <subfield code="z">Y-2021</subfield>
  </datafield>
  <datafield tag="999" ind1=" " ind2=" ">
    <subfield code="c">31989</subfield>
    <subfield code="d">31989</subfield>
  </datafield>
</record>
